000 00849nam a22002177a 4500
003 UA-OsUOA
001 41803
007 ta
008 20081008b un ||||| |||| 00| 0 ukr d
090 _a94(477).156
_bВ31
942 _cBK
040 _aUA-OsUOA
_bukr
_cUA-OsUOA
_dUA-OsUOA
245 _aВербиченька. Українці Татарстану.
_bХроніка діяльності Нижнєкамської міської національно-культурної автономії "Українське товариство"Вербиченька"(Республіка Татарстан, РФ) 1995-2006.
300 _a166 с.
955 _a4
041 _aukr
080 _a94(477).156
260 _aЛьвів
_b"Каменяр"
_c2007
650 7 _a9 Географія. Біографії. Історія
_2UDC
999 _c440304
_d440304